Loading...
Fine Arts - Auditory Fine Arts | 4 | 12.50 | 75% | 25% | 25% |
Fine Arts - Visual Fine Arts | 4 | 12.50 | 100% | 25% | 0% |
Geography | 2 | 10.00 | 100% | 0% | 0% |
History - American History | 2 | 5.00 | 50% | 0% | 0% |
History - Ancient History | 1 | 20.00 | 100% | 100% | 0% |
History - European History | 1 | 20.00 | 100% | 100% | 0% |
History - World History | 3 | 10.00 | 100% | 0% | 0% |
Literature - American Literature | 1 | 10.00 | 100% | 0% | 0% |
Literature - British Literature | 1 | 10.00 | 100% | 0% | 0% |
Literature - European Literature | 1 | 0.00 | 0% | 0% | 0% |
Literature - World Literature | 2 | 15.00 | 100% | 50% | 0% |
Mythology | 1 | 0.00 | 0% | 0% | 0% |
Other Academic | 2 | 20.00 | 100% | 100% | 0% |
Philosophy | 4 | 7.50 | 50% | 25% | 0% |
Religion | 5 | 12.00 | 80% | 40% | 0% |
Science - Chemistry | 2 | 0.00 | 0% | 0% | 0% |
Science - Other Science | 5 | 4.00 | 40% | 0% | 0% |
Social Science | 6 | 8.33 | 67% | 17% | 0% |